000 01226nam a22003737a 4500
001 0043313
003 KOHA_MİRAKIL
005 20260207003344.0
007 ta
008 130730b2012 tu |||gr||||#||||0|tur |
020 _a9789944157162
040 _aTR-BiSEU
_btur
_cTR-BiSEU
_erda
041 0 _atur
044 _ctu
050 _aHG3881
_b.S75 2012
100 1 _aStiglitz, Joseph E..
245 1 _aSerbest düşüş :
_bAmerika, serbest piyasalar ve dünya ekonomisinin çöküşü/
_cJoseph E. Stiglitz ; Joseph E. Stiglitz ; çeviren Banu Özgün.
264 1 _aİstanbul :
_bGündoğan
_c2012
300 _a576 sayfa; 18 cm.
336 _ametin
_btxt
_2rdacontent
337 _aaracısız
_bn
_2rdamedia
338 _acilt
_bnc
_2rdacarrier
490 1 _aGündoğan yayınları ;
_v012.248.
490 1 _aSosyoloji-Ekonomi dizisi ;
_v02.86.
490 1 _aHiperlink yayınları ;
_v46
500 _aDizin var.
650 0 _aEkonomik Kriz.
_974304
650 0 _aDünya Ekonomisi.
_976120
650 0 _aABD.
_980712
830 1 _aGündoğan yayınları ;
_v012.248.
_913020
830 1 _aSosyoloji-Ekonomi dizisi ;
_v02.86.
_980713
830 1 _aHiperlink yayınları ;
_v46
_974563
942 _2lcc
_cBK
999 _c43134
_d43134